Catálogo público

Estudio del efecto de la labranza en el banco de semillas de malezas en un experimento a largo plazo en Chapingo, México / (Record no. 220817)

MARC details
000 -CABECERA
campo de control de longitud fija 03438nam a2200337 a 4500
003 - IDENTIFICADOR DEL NÚMERO DE CONTROL
campo de control OSt
005 - FECHA Y HORA DE LA ÚLTIMA TRANSACCIÓN
campo de control 20250912084847.0
007 - CAMPO FIJO DE DESCRIPCIÓN FÍSICA--INFORMACIÓN GENERAL
campo de control de longitud fija cr ||||||a|a|a
008 - DATOS DE LONGITUD FIJA--INFORMACIÓN GENERAL
campo de control de longitud fija 250815s2025 mx a|||fom||| 001 0 spa d
040 ## - FUENTE DE LA CATALOGACIÓN
Normas de descripción rda
100 1# - ENTRADA PRINCIPAL--NOMBRE DE PERSONA
Nombre de persona Jaimes González, Belem
9 (RLIN) 190946
245 10 - MENCIÓN DE TÍTULO
Título Estudio del efecto de la labranza en el banco de semillas de malezas en un experimento a largo plazo en Chapingo, México /
Mención de responsabilidad, etc. por Belem Jaimes González y María Eleazar Sánchez Rubio; director de tesis Juan Lorenzo Medina Pitalúa; secretario Guillermo Mondragon Pedrero; vocal Joel Perez Nieto; suplente Jose Alfredo Dominguez Valenzuela; suplente Candelario Palma Bautista.
264 #1 - PRODUCCIÓN, PUBLICACIÓN, DISTRIBUCIÓN, FABRICACIÓN Y COPYRIGHT
Producción, publicación, distribución, fabricación y copyright Chapingo, México :
Nombre del de productor, editor, distribuidor, fabricante El autor,
Fecha de producción, publicación, distribución, fabricación o copyright 2025.
300 ## - DESCRIPCIÓN FÍSICA
Extensión 1 recurso en línea (72 páginas):
Otras características físicas cuadros, figuras.
336 ## - TIPO DE CONTENIDO
Fuente rdacontent
Término de tipo de contenido texto
Código de tipo de contenido txt
337 ## - TIPO DE MEDIO
Fuente rdamedia
Nombre/término del tipo de medio computadora
Código del tipo de medio c
338 ## - TIPO DE SOPORTE
Fuente rdacarrier
Nombre/término del tipo de soporte recurso en línea
Código del tipo de soporte cr
502 ## - NOTA DE TESIS
Tipo de título Ingeniero Agrónomo Especialista en Parasitología Agrícola
Nombre de la institución que otorga el título Departamento de Enseñanza, Investigación y Servicio en Parasitología Agrícola,
Año de obtención del título 2025.
Información miscelánea Licenciatura
504 ## - NOTA DE BIBLIOGRAFÍA, ETC.
Nota de bibliografía, etc. Incluye referencias bibliográficas: 61-68 páginas.
520 ## - SUMARIO, ETC.
Sumario, etc. El principal objetivo de esta investigación fue estudiar el efecto de la labranza sobre el banco de semillas de malezas en el suelo. El estudio se realizó en el lote SM-18 (“San Martin”) del Campo Agrícola Experimental, de la Universidad Autónoma Chapingo en el año 2023. El lote alberga un experimento en su vigésimo quinto año del establecimiento, donde se comparan tres sistemas de labranza: convencional, mínima y cero, distribuidos en bloques al azar con tres repeticiones. El muestreo se realizó mediante el método “Cinco de Oro”, utilizando una superficie de 100 cm2 (10cm x 10 cm) por muestra. En cada punto de muestreo, se colectaron dos muestras de suelo, correspondientes a dos estratos: de 0-10 cm y 10-20 cm de profundidad, empleando una pala recta de 10cm de ancho y una barra de metal. La separación de semillas se realizó por la técnica de flotación con el embudo de Fenwick, posteriormente se identificaron y cuantificaron. El análisis estadístico se realizó en arreglo factorial. Se registraron 27 especies de malezas, observándose variaciones poblacionales en el banco de semillas, entre los cuales incluyen: la desaparición de especies previamente reportadas, identificación de especies no reportadas antes del estudio de 2023, cambio en las especies dominantes, entre otros, influenciados por la labranza, que redistribuye las semillas verticalmente entre estratos. La labranza cero presentó la mayor densidad de semillas de maleza, particularmente en el estrato 0-10 cm, mientras que, en los sistemas con remoción de suelo, labranza mínima y labranza convencional, no se observaron diferencias significativas en las densidades de semillas con respecto a los estratos de muestreo.
650 #4 - PUNTO DE ACCESO ADICIONAL DE MATERIA--TÉRMINO DE MATERIA
Término de materia o nombre geográfico como elemento de entrada Malas hierbas
Subdivisión general Control
9 (RLIN) 70011
650 #4 - PUNTO DE ACCESO ADICIONAL DE MATERIA--TÉRMINO DE MATERIA
Término de materia o nombre geográfico como elemento de entrada Labranza
Subdivisión general Efecto en malas hierbas
9 (RLIN) 191185
700 1# - PUNTO DE ACCESO ADICIONAL--NOMBRE DE PERSONA
Nombre de persona Sánchez Rubio, María Eleazar
9 (RLIN) 190947
700 1# - PUNTO DE ACCESO ADICIONAL--NOMBRE DE PERSONA
Nombre de persona Medina Pitalúa, Juan Lorenzo
9 (RLIN) 74013
Término indicativo de función/relación director.
700 1# - PUNTO DE ACCESO ADICIONAL--NOMBRE DE PERSONA
Nombre de persona Mondragón Pedrero, Guillermo
9 (RLIN) 77486
Término indicativo de función/relación secretario.
700 1# - PUNTO DE ACCESO ADICIONAL--NOMBRE DE PERSONA
Nombre de persona Pérez Nieto, Joel
9 (RLIN) 89883
Término indicativo de función/relación vocal.
700 1# - PUNTO DE ACCESO ADICIONAL--NOMBRE DE PERSONA
Nombre de persona Domínguez Valenzuela, José Alfredo
9 (RLIN) 33907
Término indicativo de función/relación suplente.
700 1# - PUNTO DE ACCESO ADICIONAL--NOMBRE DE PERSONA
Nombre de persona Palma Bautista, Candelario
9 (RLIN) 134013
Término indicativo de función/relación suplente.
856 ## - LOCALIZACIÓN Y ACCESO ELECTRÓNICOS
Identificador Uniforme del Recurso http://10.13.5.2/tesis/tl/1511214-8_Y_1712474-8_JAIMES_GONZALEZ_BELEM_Y_SANCHEZ_RUBIO_MARIAELEAZAR.pdf
Nota pública DESCARGAR PDF
942 ## - ELEMENTOS DE PUNTO DE ACCESO ADICIONAL (KOHA)
Fuente del sistema de clasificación o colocación Clasificación Universidad Autónoma Chapingo
Tipo de ítem Koha Tesis digital
Holdings
Estado de retiro Estado de pérdida Fuente del sistema de clasificación o colocación Estado dañado Restricciones de uso No para préstamo Código de colección Localización permanente Ubicación/localización actual Ubicación en estantería Fecha de adquisición Total de préstamos Signatura topográfica completa Fecha visto por última vez Precio válido a partir de Tipo de ítem Koha
    Clasificación Universidad Autónoma de Chapingo   Préstamo interno   Tesis digitales de Licenciatura Biblioteca Digital Biblioteca Digital En línea 15/08/2025   Tesis digital 15/08/2025 15/08/2025 Tesis digital